Statystyki dla zgadnij skina do cs po opisie cz.3

Kliknij tutaj aby rozwiązać quiz!

Ogólne statystyki

  • Ten quiz został rozwiązany 10 razy
  • Średni wynik to 6 z 15

Statystyki odpowiedzi

opisskin% Poprawnych
AK-47&AWP&P250 | biały, czarny, pomarańczowyASIMOV
89%
USP-S | czarny, biały, piekłoTICKET TO HELL
67%
GLOCK-18 | zółty, naboje, dziewczynaBULLET QUEEN
56%
AWP | jedyny skin usuniętu w 2023DOODLE LORE
44%
GAIL&CZ-78 | zielony, białyECO
44%
GLOCK-18&M4A4&AWP | dziewczyna, neonowyNEO-NOIR
44%
DEAGLE | kolorowy, oceanOCEAN DRIVE
44%
M4A4 | biały, niebieski, animeTEMUKAU
44%
AWP | zielony, czarny, potworyCONTAINMENT BREACH
33%
OLBRZYM | różowy, fioletowy, animeKISSLOVE
33%
M4A4 | niebieski, królTHE EMPEROR
33%
AK-47 | czerwony, dziewczynaTHE EMPRESS
33%
M4A1-S | czarny, czasem czerwony, czasem fioletowyNIGHT TERROR
22%
USP-S&M4A1-S | USP stary, M4A1 nowa, popularnyBLACK LOTUS
11%
AK-47 | brązowy, pomarańczowy, patternyX-RAY
11%

Rozkład punktacji

Percentyl według liczby udzielonych odpowiedzi

Procent ludzi z każdym wynikiem

Twoja historia wyników

Nie rozwiązałeś tego quizu